Hà Nội thanh lịch

Bewaard in:
Bibliografische gegevens
Hoofdauteur: Hoàng Đạo Thúy
Formaat: Boek
Taal:Undetermined
Gepubliceerd in: Hà Nội Giáo dục 1996
Onderwerpen:
Tags: Voeg label toe
Geen labels, Wees de eerste die dit record labelt!
Thư viện lưu trữ: Trung tâm Học liệu Trường Đại học Cần Thơ
LEADER 00483nam a2200169Ia 4500
001 CTU_22451
008 210402s9999 xx 000 0 und d
082 |a 915.97 
082 |b Th523 
100 |a Hoàng Đạo Thúy 
245 0 |a Hà Nội thanh lịch 
245 0 |c Hoàng Đạo Thúy 
260 |a Hà Nội 
260 |b Giáo dục 
260 |c 1996 
650 |a vietnam - hanoi - description and travel 
980 |a Trung tâm Học liệu Trường Đại học Cần Thơ